Central Library OPAC University of Rajshahi

Criminal justice and social reconstruction / (Record no. 4797)

MARC details
000 -LEADER
fixed length control field 01026cam a22002891 4500
001 - CONTROL NUMBER
control field 4797
003 - CONTROL NUMBER IDENTIFIER
rucl marc code BD-RjUL
005 - DATE AND TIME OF LATEST TRANSACTION
control field 20211208233946.0
008 - FIXED-LENGTH DATA ELEMENTS--GENERAL INFORMATION
fixed length control field 131223r1967 xx 001 0 eng
035 ## - SYSTEM CONTROL NUMBER
System control number (BD-RjUL)4832
System control number (OCoLC)764934
040 ## - CATALOGING SOURCE
Original cataloging agency DLC
Transcribing agency OAU
Modifying agency DLC
-- BD-RjUL
Language of cataloging eng
041 ## - LANGUAGE CODE
Language code of text/sound track or separate title eng
082 ## - DEWEY DECIMAL CLASSIFICATION NUMBER
Classification number 364.4
Author mark and year MAC 1967
100 1# - MAIN ENTRY--PERSONAL NAME
Personal name Mannheim, Hermann,
Dates associated with a name 1889-
9 (RLIN) 15126
245 10 - TITLE STATEMENT
Title Criminal justice and social reconstruction /
Statement of responsibility, etc. Hermann Mannheim.
260 ## - PUBLICATION, DISTRIBUTION, ETC. (IMPRINT)
Place of publication, distribution, etc. London :
Name of publisher, distributor, etc. K. Paul, Trench, Trubner & Co. ,
Date of publication, distribution, etc. c1946 [Reprinted 1949,1967].
300 ## - PHYSICAL DESCRIPTION
Pagination x, 290 p. ;
Size 22 cm.
490 0# - SERIES STATEMENT
Series statement International library of sociology and social reconstruction
500 ## - GENERAL NOTE
General note "First published 1946."
504 ## - BIBLIOGRAPHY, ETC. NOTE
Bibliography, etc Bibliography: p. 272-280. an index.
650 #0 - SUBJECT ADDED ENTRY--TOPICAL TERM
Topical term or geographic name as entry element Criminal law.
9 (RLIN) 15127
Topical term or geographic name as entry element Criminal justice, Administration of.
9 (RLIN) 15128
856 ## - ELECTRONIC LOCATION AND ACCESS
Uniform Resource Identifier <a href="http://www.worldcat.org/title/criminal-justice-and-social-reconstruction/oclc/764934&referer=brief_results">http://www.worldcat.org/title/criminal-justice-and-social-reconstruction/oclc/764934&referer=brief_results</a>
942 ## - ADDED ENTRY ELEMENTS (KOHA)
Source of classification or shelving scheme Dewey Decimal Classification
Koha item type Books
Holdings
Lost status Source of classification or shelving scheme Damaged status Not for loan Collection code Permanent Location Current Location Shelving location Date acquired Source of acquisition Cost, normal purchase price Total Checkouts Full call number Date last seen Copy number Koha item type
  Dewey Decimal Classification     Non-fiction Central Library, University of Rajshahi Central Library, University of Rajshahi   11/11/1968 Zeithlinger 118.00   364.4 MAC 1967 23/12/2013 C-6 Books
  Dewey Decimal Classification     Non-fiction Central Library, University of Rajshahi Central Library, University of Rajshahi   21/09/1955 B. H Blackwel 185.00   364.4 MAC 1949 22/08/2016 C-2 Books
  Dewey Decimal Classification     Non-fiction Central Library, University of Rajshahi Central Library, University of Rajshahi   21/09/1955 B. H Blackwel 185.00   364.4 MAC 1949 22/08/2016 C-3 Books
  Dewey Decimal Classification     Non-fiction Central Library, University of Rajshahi Central Library, University of Rajshahi   11/11/1968 Zeithlinge 181.00   364.4 MAC 1949 22/08/2016 C-4 Books